Basic geometry for college students / (Record no. 1429)
[ view plain ]
| 000 -LEADER | |
|---|---|
| fixed length control field | 00987cam a22002294a 4500 |
| 001 - CONTROL NUMBER | |
| control field | 12825269 |
| 005 - DATE AND TIME OF LATEST TRANSACTION | |
| control field | 20241122125544.0 |
| 008 - FIXED-LENGTH DATA ELEMENTS--GENERAL INFORMATION | |
| fixed length control field | 020620s2003 caua 000 0 eng |
| 020 ## - INTERNATIONAL STANDARD BOOK NUMBER | |
| International Standard Book Number | 9780534391805 |
| 050 00 - LIBRARY OF CONGRESS CALL NUMBER | |
| Classification number | QA453 |
| Item number | .T83 2003 |
| 082 00 - DEWEY DECIMAL CLASSIFICATION NUMBER | |
| Classification number | 516 |
| Edition information | 22 |
| 100 1# - MAIN ENTRY--PERSONAL NAME | |
| Personal name | Tussy, Alan S., |
| Dates associated with a name | 1951- |
| 245 10 - TITLE STATEMENT | |
| Title | Basic geometry for college students / |
| Statement of responsibility, etc. | Alan S. Tussy, R. David Gustafson. |
| Remainder of title | an overview of the fundamental concepts of geometry |
| 260 ## - PUBLICATION, DISTRIBUTION, ETC. | |
| Place of publication, distribution, etc. | Pacific Grove, CA : |
| Name of publisher, distributor, etc. | Thomson-Brooks/Cole, |
| Date of publication, distribution, etc. | c2003. |
| 300 ## - PHYSICAL DESCRIPTION | |
| Extent | v, 132, 10 p. : |
| Other physical details | ill. (some col.) ; |
| Dimensions | 28 cm. |
| 650 #0 - SUBJECT ADDED ENTRY--TOPICAL TERM | |
| Topical term or geographic name entry element | Geometry. |
| 700 1# - ADDED ENTRY--PERSONAL NAME | |
| Personal name | Gustafson, R. David |
| Fuller form of name | (Roy David), |
| Dates associated with a name | 1936- |
| 856 42 - ELECTRONIC LOCATION AND ACCESS | |
| Materials specified | Publisher description |
| Uniform Resource Identifier | <a href="http://www.loc.gov/catdir/enhancements/fy1215/2002108818-d.html">http://www.loc.gov/catdir/enhancements/fy1215/2002108818-d.html</a> |
| 856 41 - ELECTRONIC LOCATION AND ACCESS | |
| Materials specified | Table of contents only |
| Uniform Resource Identifier | <a href="http://www.loc.gov/catdir/enhancements/fy1215/2002108818-t.html">http://www.loc.gov/catdir/enhancements/fy1215/2002108818-t.html</a> |
| 856 42 - ELECTRONIC LOCATION AND ACCESS | |
| Materials specified | Contributor biographical information |
| Uniform Resource Identifier | <a href="http://www.loc.gov/catdir/enhancements/fy1303/2002108818-b.html">http://www.loc.gov/catdir/enhancements/fy1303/2002108818-b.html</a> |
| 942 ## - ADDED ENTRY ELEMENTS (KOHA) | |
| Source of classification or shelving scheme | Library of Congress Classification |
| Koha item type | Books |
| Suppress in OPAC | No |
| 999 ## - | |
| -- | 1429 |
| -- | 1429 |
| Withdrawn status | Lost status | Source of classification or shelving scheme | Damaged status | Not for loan | Collection | Home library | Current library | Shelving location | Date acquired | Total checkouts | Full call number | Barcode | Date last seen | Copy number | Price effective from | Koha item type |
|---|---|---|---|---|---|---|---|---|---|---|---|---|---|---|---|---|
| Library of Congress Classification | Non-fiction | Science Library (Miotso) | Science Library (Miotso) | General stacks | 11/22/2024 | QA453 .T83 TUS | SLM00000739 | 11/22/2024 | 1 | 11/22/2024 | Books | |||||
| Library of Congress Classification | Non-fiction | Science Library (Miotso) | Science Library (Miotso) | General stacks | 11/22/2024 | QA453 .T83 TUS | SLM00000740 | 11/22/2024 | 2 | 11/22/2024 | Books | |||||
| Library of Congress Classification | Non-fiction | Science Library (Miotso) | Science Library (Miotso) | General stacks | 11/22/2024 | QA453 .T83 TUS | SLM00000741 | 11/22/2024 | 3 | 11/22/2024 | Books | |||||
| Library of Congress Classification | Non-fiction | Science Library (Miotso) | Science Library (Miotso) | General stacks | 11/22/2024 | QA453 .T83 TUS | SLM00000742 | 11/22/2024 | 4 | 11/22/2024 | Books | |||||
| Library of Congress Classification | Non-fiction | Science Library (Miotso) | Science Library (Miotso) | General stacks | 11/22/2024 | QA453 .T83 TUS | SLM00000743 | 11/22/2024 | 5 | 11/22/2024 | Books | |||||
| Library of Congress Classification | Non-fiction | Science Library (Miotso) | Science Library (Miotso) | General stacks | 11/22/2024 | QA453 .T83 TUS | SLM00000744 | 11/22/2024 | 6 | 11/22/2024 | Books | |||||
| Library of Congress Classification | Non-fiction | Science Library (Miotso) | Science Library (Miotso) | General stacks | 11/22/2024 | QA453 .T83 TUS | SLM00000745 | 11/22/2024 | 7 | 11/22/2024 | Books | |||||
| Library of Congress Classification | Non-fiction | Science Library (Miotso) | Science Library (Miotso) | General stacks | 11/22/2024 | QA453 .T83 TUS | SLM00000746 | 11/22/2024 | 8 | 11/22/2024 | Books | |||||
| Library of Congress Classification | Non-fiction | Science Library (Miotso) | Science Library (Miotso) | General stacks | 11/22/2024 | QA453 .T83 TUS | SLM00000747 | 11/22/2024 | 9 | 11/22/2024 | Books |